Biblioteca

Haciendo teología en América Latina : (Registro nro. 69159)

Detalles MARC
000 -LÍDER
Campo fijo de descripción fija 01260aam a2200337 i 4500
001 - NÚMERO DE CONTROL
Campo de control 768714001
003 - IDENTIFICADOR DEL NÚMERO DE CONTROL
Campo de control CO-MdFUSB
005 - FECHA Y HORA DE LA ULTIMA TRANSACCIÓN
control field 20240126113056.0
007 - CAMPO FIJO DE DESCRIPCIÓN FIJA--INFORMACIÓN GENERAL
Campo fijo de descripción fija ta
008 - ELEMENTOS DE LONGITUD FIJA -- INFORMACIÓN GENERAL
Campo fijo de descripción fija -- Información general 231017t20062006cr c||cg |||| 00| 0 spa d
020 ## - NÚMERO INTERNACIONAL NORMALIZADO PARA LIBROS
Número Internacional Normalizado del libro 9977958165
020 ## - NÚMERO INTERNACIONAL NORMALIZADO PARA LIBROS
Número Internacional Normalizado del libro 9968820105
040 ## - FUENTE DE CATALOGACIÓN
Agencia de catalogación original CO-MdFUSB
Idioma de catalogación spa
Agencia que realiza la transcripción CO-MdFUSB
Agencia que realiza la modificación CO-MdFUSBC
Convenciones de la descripción rda
041 ## - CÓDIGO DE IDIOMA
Código de idioma para texto/pista de sonido o título separado spa
082 ## - NÚMERO DE CLASIFICACIÓN DECIMAL DEWEY
Número de la edición del Dewey 23
Número de clasificación 230 04624
Clave de autor-Numero de item H117
245 ## - TÍTULO
Título del Material Haciendo teología en América Latina :
Parte restante del título - Subtitulo Juan Stam, un teólogo del camino
Mención de responsabilidad, etc. / editado por Arturo Piedra
250 ## - MENCIÓN DE EDICIÓN
Mención de edición segunda edición
264 #1 - PRODUCCIÓN, PUBLICACIÓN, DISTRIBUCIÓN, MANUFACTURA, Y COPYRIGHT
Lugar de producción, publicación, distribución, manufactura Costa Rica :
Nombre del productor, publicador, distribuidor Sebila,
Fecha de producción, publicación, distribución, manufactura, o copyright [2006]
264 #4 - PRODUCCIÓN, PUBLICACIÓN, DISTRIBUCIÓN, MANUFACTURA, Y COPYRIGHT
Fecha de producción, publicación, distribución, manufactura, o copyright ©2006
300 ## - DESCRIPCIÓN FÍSICA
Extensión 2 Volúmenes
Dimensiones ; 21 cm
336 ## - TIPO DE CONTENIDO
Fuente rdacontent
Término de tipo de contenido texto
Código de tipo de contenido txt
337 ## - TIPO DE MEDIO
Fuente rdamedia
Nombre del tipo de medio sin mediación
Código del tipo de medio n
338 ## - TIPO DE SOPORTE
Fuente rdacarrier
Nombre del tipo de soporte volumen
Código Tipo de soporte nc
505 ## - NOTA DE CONTENIDO
Título Volumen I:
Nota de contenido con formato preestablecido Encuentro con la palabra. -- Encuentro con el Señor. -- Encuentro con la reforma protestante. -- Encuentro con pensadores contemporáneos. -- Encuentro con la creación.
505 ## - NOTA DE CONTENIDO
Título Volumen II:
Nota de contenido con formato preestablecido Encuentro con la misión. --Encuentro con la realidad latinoamericana. -- Encuentro con la tradición profética.
563 ## - NOTA DE ENCUADERNACIÓN
Nota de encuadernación Rústico.
650 #0 - ASIENTO SECUNDARIO DE MATERIA - TERMINO TEMÁTICO
9 (RLIN) 691
Término temático o nombre geográfico como elemento de entrada Teología doctrinal
Subdivisión geográfica América Latina
653 ## - TÉRMINO DE INDIZACIÓN - NO CONTROLADO
Término no controlado Teología evangélica
942 ## - TIPO DE MATERIAL (KOHA)
Tipo de Item KOHA Libros General
945 ## - INFORMACIÓN LOCAL DEL REGISTRO
Catalogador sor1564
Existencias
Estado de Material Estado de Perdido Forma de Clasificación Estado de Dañado No para Préstamo Colección Tomo Biblioteca de Origen Biblioteca Permanente Fecha de Adquisición Área Total de Préstamos Total de Renovaciones Signatura Topográfica Código de Barras Última vez visto Última vez Préstado Ejemplar/Existencia Fecha de Remplazo Tipo de Material
    Dewey Decimal Classification     Colección General Volumen 1 Biblioteca FUSBC Biblioteca FUSBC 17/10/2023 TEOLOGÍA CRISTIANA 1 3 G 230.04624 H117h 22421 10/12/2025 06/11/2025 Vol.1 , ej.1 17/10/2023 Libros General
    Dewey Decimal Classification     Colección General Volumen 2 Biblioteca FUSBC Biblioteca FUSBC 17/10/2023 TEOLOGÍA CRISTIANA 1   G 230.04624 H117h 22424 07/11/2025 15/03/2024 Vol.2 , ej.1 17/10/2023 Libros General

Biblioteca FUSBC | Teléfono: (57+4) 349 88 10 Ext. 141| WhatsApp (+57) 3005338115 
E-mail: biblioteca@unisbc.edu.co | Calle 76 87-14 Robledo Palenque, Medellín, Colombia

Con tecnología Koha